000 00976nam a2200265Ia 4500
003 OSt
005 20220923211542.0
006 a|||||r|||| 00| 0
007 ta
008 220922b |||||||| |||| 00| 0 pan d
020 _a9789383392087 (hbk)
_c250
024 _a352,621
037 _b1193, 18/02/2020, H.K. Prakashan
_cTextual
040 _aARTS
_cARTS
_bpan
041 _2pan
_apan
082 _aO153,1NRUx, Q8
100 _aਰੁਪਾਲੋ੍ਵ੍ਵ, ਸੰਦੀਪ ਸਿੰਘ, ਂਚ.
_9160755
245 0 _aਖੂਨ Fਹੀਦਾ ਦਾ
260 _aਚੰਡੀਗੜ੍ਹ
_b ਲੋਕਗੀਤ ਪ੍ਰਕਾFਨ
_c2018
300 _a103ਪ੍ਰ0
_ccm.
650 _a ਪੰਜਾਬੀ ਕਹਾਣੀ
650 _aਪੰਜਾਬੀ ਸਾਹਿਤ
942 _hO153,1NRUx, Q8
_cTEXL
_2CC
999 _c300694
_d300694